|
|
|
|
| LEADER |
01292nam a2200277 i 4500 |
| 001 |
IT\ICCU\PUV\1540173 |
| 003 |
GR-PaULI |
| 005 |
20230215141206.0 |
| 008 |
210408s2021 usab|||| 001|0|gre c |
| 952 |
|
|
|0 0
|1 0
|2 ddc
|4 0
|6 938_000000000000000_CON
|7 0
|9 368875
|a LISP
|b LISP
|c BSC
|d 2023-02-15
|i 259290
|l 0
|o 938 CON
|p 025000297569
|r 2023-02-15 00:00:00
|t 1
|w 2023-02-15
|y BK15
|
| 999 |
|
|
|c 215551
|d 215551
|
| 020 |
|
|
|a 9780253055965
|q σκληρόδετο
|
| 020 |
|
|
|a 9780253055972
|q χαρτόδετο
|
| 040 |
|
|
|b gre
|a GR-PaULI
|c GR-PaULI
|e AACR2
|
| 082 |
0 |
4 |
|2 23
|a 938
|
| 245 |
0 |
0 |
|a Contested antiquity :
|b archaeological heritage and social conflict in modern Greece and Cyprus /
|c edited by Esther Solomon.
|
| 260 |
|
|
|a Bloomington :
|b Indiana University Press,
|c c2021
|
| 300 |
|
|
|a xii, 330 σ. :
|b εικ. ;
|c 23 εκ.
|
| 490 |
0 |
|
|a New anthropologies of Europe
|
| 650 |
|
4 |
|a Αρχαιότητες
|z Ελλάδα
|9 149532
|
| 650 |
|
4 |
|9 196142
|a Αρχαιότητες
|z Κύπρος
|
| 651 |
|
4 |
|9 161903
|a Ελλάδα
|x Αρχαιότητες
|x Συλλογή και συντήρηση
|
| 651 |
|
4 |
|9 196143
|a Κύπρος
|x Αρχαιότητες
|x Συλλογή και συντήρηση
|
| 700 |
1 |
|
|a Solomon, Esther
|9 196144
|e επιμελήτρια
|
| 942 |
|
|
|2 ddc
|c BK
|
| 998 |
|
|
|c ΓΚΟΓΚΟΥ
|d 2023-02
|